书目信息 |
| 题名: |
彩色显象管
|
|
| 作者: | 莫雷尔 , Morrell 著 ;蒋葆增 译 | |
| 分册: | ||
| 出版信息: | 北京 国防工业出版社 1981 |
|
| 页数: | 217页 | |
| 开本: | 26cm | |
| 丛书名: | ||
| 单 册: | ||
| 中图分类: | TN141.3 | |
| 科图分类: | ||
| 主题词: | 彩色显象管 | |
| 电子资源: | ||
| ISBN: | 15034.2164 | |
| 000 | 00729nam0 2200253 450 | |
| 001 | 0181012122 | |
| 005 | 20100712220129.0 | |
| 010 | @a15034.2164@dCNY0.92 | |
| 091 | @a15034.2164@d¥0.92 | |
| 100 | @a19980305d1981 em y0chiy0110 ea | |
| 101 | 1 | @achi@ceng |
| 102 | @aCN@b110000 | |
| 105 | @ay z 000yy | |
| 106 | @ar | |
| 200 | 1 | @a彩色显象管@9Cai Se;Shai Xian Xiang Guan @f(美)莫雷尔(A.M.Morrell)等著@g蒋葆增等译 |
| 210 | @a北京@c国防工业出版社@d1981 | |
| 215 | @a217页@d26cm | |
| 606 | 0 | @a彩色显象管 |
| 690 | @aTN141.3@v3 | |
| 701 | 1 | @a莫雷尔@9mo lei er@bA.M.@4著 |
| 701 | 1 | @aMorrell@bA.M.@4著 |
| 702 | 0 | @a蒋葆增@9jiang bao zeng@4译 |
| 801 | 0 | @aCN@b91MARC@c20130904 |
| 905 | @aBZT@dTN141.3@e1@f1@sTN141.3/1 | |
| 彩色显象管/(美)莫雷尔(A.M.Morrell)等著/蒋葆增等译.-北京:国防工业出版社,1981 |
| 217页;26cm |
| ISBN 15034.2164:CNY0.92 |
| ● |
| 相关链接 |
|
|
|
正题名:彩色显象管
索取号:TN141.3/1
 
预约/预借
| 序号 | 登录号 | 条形码 | 馆藏地/架位号 | 状态 | 备注 |
| 1 | 2000112377 | 2000112377 | 旧书回溯/ [索取号:TN141.3/1] | 在馆 |